000 00714nam a2200205 4500
001 113775
003 ES-MaACL
005 20230906190013.0
007 t|
008 061121s1986 sp r ||||1| spa d
020 _a84-322-4572-0
100 1 _aBaer, Harry.
_924597
245 1 0 _aYa dormiré cuando esté muerto
_b: la vida febril de Rainer Werner Fassbinder /
_crecogida por Harry Baer en colaboración con Maurus Pacher ; traducción del alemán por Pilar Giralt Gorina.
250 _a1ª ed.
260 _aBarcelona :
_bSeix Barral,
_c1986.
300 _a218 p. 9 h. de lám. ;
_c20 cm.
700 1 _aPacher, Maurus.
_988142
700 1 _aGiralt, Pilar.
_957201
852 _aES-MaACL
_jL-10445
_bR.111947
999 _c113775
_d113775